<?xml version="1.0" encoding="UTF-8"?>
<record
    xmlns:xsi="http://www.w3.org/2001/XMLSchema-instance"
    xsi:schemaLocation="http://www.loc.gov/MARC21/slim http://www.loc.gov/standards/marcxml/schema/MARC21slim.xsd"
    xmlns="http://www.loc.gov/MARC21/slim">

  <leader>00759nam a2200265 a 4500</leader>
  <controlfield tag="001">53061</controlfield>
  <controlfield tag="003">BD-RJUL </controlfield>
  <controlfield tag="005">20211209075913.0</controlfield>
  <controlfield tag="008">161002s1983    ilua     b    001 0 eng d</controlfield>
  <datafield tag="020" ind1=" " ind2=" ">
    <subfield code="a">0030626382</subfield>
  </datafield>
  <datafield tag="035" ind1=" " ind2=" ">
    <subfield code="a">BD-RJUL 53181</subfield>
  </datafield>
  <datafield tag="040" ind1=" " ind2=" ">
    <subfield code="a">DLC</subfield>
    <subfield code="c">DLC</subfield>
    <subfield code="d">EQO</subfield>
    <subfield code="b">eng</subfield>
  </datafield>
  <datafield tag="041" ind1=" " ind2=" ">
    <subfield code="a">eng</subfield>
  </datafield>
  <datafield tag="082" ind1=" " ind2=" ">
    <subfield code="a">658.8</subfield>
    <subfield code="2">23 </subfield>
    <subfield code="b">BOC 1983 </subfield>
  </datafield>
  <datafield tag="100" ind1="1" ind2=" ">
    <subfield code="a">Boone, Louis E.</subfield>
    <subfield code="9">158582</subfield>
  </datafield>
  <datafield tag="245" ind1="1" ind2="0">
    <subfield code="a">Contemporary marketing /</subfield>
    <subfield code="c">Louis E. Boone, David L. Kurtz</subfield>
  </datafield>
  <datafield tag="250" ind1=" " ind2=" ">
    <subfield code="a">4th ed.</subfield>
  </datafield>
  <datafield tag="260" ind1=" " ind2=" ">
    <subfield code="a">Chicago :</subfield>
    <subfield code="b">Dryden Press,</subfield>
    <subfield code="c">c1983</subfield>
  </datafield>
  <datafield tag="300" ind1=" " ind2=" ">
    <subfield code="a">xxviii, 530, 98 p. :</subfield>
    <subfield code="b">ill. ;</subfield>
    <subfield code="c">25 cm</subfield>
  </datafield>
  <datafield tag="504" ind1=" " ind2=" ">
    <subfield code="a">Includes bibliographical references and indexes</subfield>
  </datafield>
  <datafield tag="650" ind1=" " ind2="0">
    <subfield code="a">Marketing</subfield>
    <subfield code="9">158583</subfield>
  </datafield>
  <datafield tag="700" ind1="1" ind2=" ">
    <subfield code="a">Kurtz, David L.</subfield>
    <subfield code="9">158584</subfield>
  </datafield>
  <datafield tag="942" ind1=" " ind2=" ">
    <subfield code="2">ddc</subfield>
    <subfield code="c">BK</subfield>
  </datafield>
  <datafield tag="999" ind1=" " ind2=" ">
    <subfield code="c">53061</subfield>
    <subfield code="d">53061</subfield>
  </datafield>
  <datafield tag="952" ind1=" " ind2=" ">
    <subfield code="0">0</subfield>
    <subfield code="1">0</subfield>
    <subfield code="2">ddc</subfield>
    <subfield code="4">0</subfield>
    <subfield code="7">0</subfield>
    <subfield code="8">NFIC</subfield>
    <subfield code="a">RUCL</subfield>
    <subfield code="b">RUCL</subfield>
    <subfield code="c">Stack</subfield>
    <subfield code="d">1984-04-24</subfield>
    <subfield code="e">Tappam &amp; Co.</subfield>
    <subfield code="g">31.50</subfield>
    <subfield code="l">0</subfield>
    <subfield code="o">658.8 BOC 1983</subfield>
    <subfield code="r">2016-10-02 00:00:00</subfield>
    <subfield code="t">C-2</subfield>
    <subfield code="w">2016-10-02</subfield>
    <subfield code="y">BK</subfield>
  </datafield>
  <datafield tag="952" ind1=" " ind2=" ">
    <subfield code="0">0</subfield>
    <subfield code="1">0</subfield>
    <subfield code="2">ddc</subfield>
    <subfield code="4">0</subfield>
    <subfield code="7">1</subfield>
    <subfield code="8">NFIC</subfield>
    <subfield code="a">RUCL</subfield>
    <subfield code="b">RUCL</subfield>
    <subfield code="c">Reading</subfield>
    <subfield code="d">1984-04-24</subfield>
    <subfield code="e">Tuppan cor.</subfield>
    <subfield code="g">31.50</subfield>
    <subfield code="l">0</subfield>
    <subfield code="o">658.8 BOC 1983</subfield>
    <subfield code="r">2017-01-16 00:00:00</subfield>
    <subfield code="t">C-1</subfield>
    <subfield code="w">2017-01-16</subfield>
    <subfield code="y">BK</subfield>
  </datafield>
  <datafield tag="952" ind1=" " ind2=" ">
    <subfield code="0">0</subfield>
    <subfield code="1">0</subfield>
    <subfield code="2">ddc</subfield>
    <subfield code="4">0</subfield>
    <subfield code="7">0</subfield>
    <subfield code="8">NFIC</subfield>
    <subfield code="a">RUCL</subfield>
    <subfield code="b">RUCL</subfield>
    <subfield code="c">Stack</subfield>
    <subfield code="d">1985-02-12</subfield>
    <subfield code="e">Tulip</subfield>
    <subfield code="g">32.50</subfield>
    <subfield code="l">0</subfield>
    <subfield code="o">658.8 BOC 1983</subfield>
    <subfield code="r">2019-09-23 00:00:00</subfield>
    <subfield code="t">C-3</subfield>
    <subfield code="w">2019-09-23</subfield>
    <subfield code="y">BK</subfield>
  </datafield>
  <datafield tag="952" ind1=" " ind2=" ">
    <subfield code="0">0</subfield>
    <subfield code="1">0</subfield>
    <subfield code="2">ddc</subfield>
    <subfield code="4">0</subfield>
    <subfield code="7">0</subfield>
    <subfield code="8">NFIC</subfield>
    <subfield code="a">RUCL</subfield>
    <subfield code="b">RUCL</subfield>
    <subfield code="c">Stack</subfield>
    <subfield code="d">1984-04-24</subfield>
    <subfield code="e">Toppan</subfield>
    <subfield code="g">31.50</subfield>
    <subfield code="l">0</subfield>
    <subfield code="o">658.8 BOC 1983</subfield>
    <subfield code="r">2019-09-23 00:00:00</subfield>
    <subfield code="t">C-4</subfield>
    <subfield code="w">2019-09-23</subfield>
    <subfield code="y">BK</subfield>
  </datafield>
  <datafield tag="952" ind1=" " ind2=" ">
    <subfield code="0">0</subfield>
    <subfield code="1">0</subfield>
    <subfield code="2">ddc</subfield>
    <subfield code="4">0</subfield>
    <subfield code="7">0</subfield>
    <subfield code="8">NFIC</subfield>
    <subfield code="a">RUCL</subfield>
    <subfield code="b">RUCL</subfield>
    <subfield code="c">Stack</subfield>
    <subfield code="d">1985-02-12</subfield>
    <subfield code="e">Tulip</subfield>
    <subfield code="g">32.50</subfield>
    <subfield code="l">0</subfield>
    <subfield code="o">658.8 BOC 1983</subfield>
    <subfield code="r">2019-09-23 00:00:00</subfield>
    <subfield code="t">C-5</subfield>
    <subfield code="w">2019-09-23</subfield>
    <subfield code="y">BK</subfield>
  </datafield>
  <datafield tag="952" ind1=" " ind2=" ">
    <subfield code="0">0</subfield>
    <subfield code="1">0</subfield>
    <subfield code="2">ddc</subfield>
    <subfield code="4">0</subfield>
    <subfield code="7">0</subfield>
    <subfield code="8">NFIC</subfield>
    <subfield code="a">RUCL</subfield>
    <subfield code="b">RUCL</subfield>
    <subfield code="c">Stack</subfield>
    <subfield code="d">1984-04-24</subfield>
    <subfield code="e">Toppan Co. </subfield>
    <subfield code="g">31.50</subfield>
    <subfield code="l">0</subfield>
    <subfield code="o">658.8 BOC 1983</subfield>
    <subfield code="r">2019-09-23 00:00:00</subfield>
    <subfield code="t">C-6</subfield>
    <subfield code="w">2019-09-23</subfield>
    <subfield code="y">BK</subfield>
  </datafield>
  <datafield tag="952" ind1=" " ind2=" ">
    <subfield code="0">0</subfield>
    <subfield code="1">0</subfield>
    <subfield code="2">ddc</subfield>
    <subfield code="4">0</subfield>
    <subfield code="7">0</subfield>
    <subfield code="8">NFIC</subfield>
    <subfield code="a">RUCL</subfield>
    <subfield code="b">RUCL</subfield>
    <subfield code="c">Stack</subfield>
    <subfield code="d">1984-04-24</subfield>
    <subfield code="e">Toppan Co. </subfield>
    <subfield code="g">31.50</subfield>
    <subfield code="l">0</subfield>
    <subfield code="o">658.8 BOC 1983</subfield>
    <subfield code="r">2019-09-23 00:00:00</subfield>
    <subfield code="t">C-7</subfield>
    <subfield code="w">2019-09-23</subfield>
    <subfield code="y">BK</subfield>
  </datafield>
  <datafield tag="952" ind1=" " ind2=" ">
    <subfield code="0">0</subfield>
    <subfield code="1">0</subfield>
    <subfield code="2">ddc</subfield>
    <subfield code="4">0</subfield>
    <subfield code="7">0</subfield>
    <subfield code="8">NFIC</subfield>
    <subfield code="a">RUCL</subfield>
    <subfield code="b">RUCL</subfield>
    <subfield code="c">Stack</subfield>
    <subfield code="d">1984-04-24</subfield>
    <subfield code="e">Toppan Co. </subfield>
    <subfield code="g">31.50</subfield>
    <subfield code="l">0</subfield>
    <subfield code="o">658.8 BOC 1983</subfield>
    <subfield code="r">2019-09-23 00:00:00</subfield>
    <subfield code="t">C-8</subfield>
    <subfield code="w">2019-09-23</subfield>
    <subfield code="y">BK</subfield>
  </datafield>
  <datafield tag="952" ind1=" " ind2=" ">
    <subfield code="0">0</subfield>
    <subfield code="1">0</subfield>
    <subfield code="2">ddc</subfield>
    <subfield code="4">0</subfield>
    <subfield code="7">0</subfield>
    <subfield code="8">NFIC</subfield>
    <subfield code="a">RUCL</subfield>
    <subfield code="b">RUCL</subfield>
    <subfield code="c">Stack</subfield>
    <subfield code="d">2021-12-09</subfield>
    <subfield code="e">Tulip</subfield>
    <subfield code="g">32.50</subfield>
    <subfield code="l">0</subfield>
    <subfield code="o">658.8 BOC 1983</subfield>
    <subfield code="r">2019-09-23 00:00:00</subfield>
    <subfield code="t">C-9</subfield>
    <subfield code="w">2019-09-23</subfield>
    <subfield code="y">BK</subfield>
  </datafield>
  <datafield tag="952" ind1=" " ind2=" ">
    <subfield code="0">0</subfield>
    <subfield code="1">0</subfield>
    <subfield code="2">ddc</subfield>
    <subfield code="4">0</subfield>
    <subfield code="7">0</subfield>
    <subfield code="8">NFIC</subfield>
    <subfield code="a">RUCL</subfield>
    <subfield code="b">RUCL</subfield>
    <subfield code="c">Stack</subfield>
    <subfield code="d">2021-12-09</subfield>
    <subfield code="e">Toppan</subfield>
    <subfield code="g">31.50</subfield>
    <subfield code="l">0</subfield>
    <subfield code="o">658.8 BOC 1983</subfield>
    <subfield code="r">2019-09-23 00:00:00</subfield>
    <subfield code="t">C-10</subfield>
    <subfield code="w">2019-09-23</subfield>
    <subfield code="y">BK</subfield>
  </datafield>
</record>
